000 01135nam a22003497a 4500
003 CHAP
005 20220329133635.0
008 971013s1989 r 00010 d
010 _a8903
011 _a9875
035 _a9111
040 _cCHAP
082 _a633.51
_bF7
100 0 0 _aFrisbie, Raymond E.
_eed.
_943482
245 _aIntegrated pest management systems and cotton production
260 _aNew York :
_bWiley,
_c1989
300 _a437 p.
_b: ilus. ; gráfs.
590 _aBATCH-UPD
_b10
_c20130110
_lUCH01
_h0251
590 _aBATCH-UPD
_b10
_c20130110
_lUCH01
_h1625
590 _aBATCH-UPD
_b10
_c20130409
_lUCH01
_h2321
590 _aBATCH-UPD
_b10
_c20130410
_lUCH01
_h1435
590 _aBATCH-UPD
_b10
_c20130914
_lUCH01
_h0314
590 _aCONVERSION
_b10
_c20130109
_lUCH01
_h1306
650 1 4 _aAlgodon
_xEnfermedades.
_94006
650 1 4 _aAlgodón
_xPlagas.
_94046
650 1 4 _aControl de plagas.
_927595
700 0 _aEl-Zik, Kamal M.
_eed
_936176
700 0 _aWilson, L. Ted
_eed
_9122220
901 _aBK
942 _cLIBRO
949 _a633.51 F7
_bBC
_cLIBRO
_d33724000194650
_eLIBRO
_gI.168120
_h84104
_i9111
_si
_t274.00
999 _c8903
_d8903